Welcome to the Holygrace Academy Library

Please use search bar below to get started

SNOW WHITE& THE SEVEN DWARF (Record no. 8801)

MARC details
000 -LEADER
fixed length control field 00276nam a22001097a 4500
082 ## - DEWEY DECIMAL CLASSIFICATION NUMBER
Classification number 823
Item number CAR/S
100 ## - MAIN ENTRY--AUTHOR NAME
Personal name CARRATH, JAIN
245 ## - TITLE STATEMENT
Title SNOW WHITE& THE SEVEN DWARF
246 ## - VARYING FORM OF TITLE
Title proper/short title SNOW WHITE& THE SEVEN DWARF
Remainder of title SNOW WHITE& THE SEVEN DWARF
650 ## - SUBJECT ADDED ENTRY--TOPICAL TERM
Topical Term ENGLISH STORY
942 ## - ADDED ENTRY ELEMENTS (KOHA)
Koha item type Books
Holdings
Withdrawn status Lost status Collection code Home library Current library Date acquired Full call number Accession Number Koha item type
  Lost Fiction Main Library Main Library 24/07/2024 823 CAR/S 00606 Books